| 000 | 00522nam a2200217Ia 4500 | ||
|---|---|---|---|
| 008 | 210210b2012 xxu||||| |||| 00| 0 eng d | ||
| 020 | _a9788120777163 | ||
| 041 | _aeng | ||
| 082 | _a364.1323 BEDB | ||
| 100 | _aBEDI (Kiran) | ||
| 245 | _aBe the change: fighting corruption | ||
| 260 |
_aNew Delhi _bSterlilng Publishers Pvt Ltd _c2012 |
||
| 300 | _aviii,136 | ||
| 650 | _athe | ||
| 650 | _afighting | ||
| 650 | _acorruption | ||
| 650 | _achange: | ||
| 650 | _aBe | ||
| 690 | _aCriminology | ||
| 906 | _a067204 | ||
| 999 |
_c149451 _d149451 |
||